01847nam a22002057a 4500003000800000008004100008037002000049040003500069080001300104100002800117245012400145260009000269300001800359500013200377520094200509650006101451655002301512700002801535710007801563BI-BuBU150917s2013 bd ||||dr|||| 000 0 fre d bDon de l'auteur aBI-BuBUbfrecBI-BuBUdBI-BuBU a796.332.1 4autaNsabimana, Joachim10aFootball et intégration sociale des Batwa en Commune Rumongecpar Nsabimana Joachim ; M. Nahimana Salvator, directeur aBujumburabUniversité du Burundi, Institut d'Education Physique et des Sportsc2013 a66 f.c30 cm. aMémoire présenté et défendu publiquement en vue de l'obtention du grade de Licencié en Education Physique et Sportive aRésumé La communauté twa est à la marge de la société burundaise. Les Batwa ont été pris pour des parias. Sur le plan sacial, les Batwa n'ont jamais coopéré pleinement avec les autres populations dans les différentes cérémonies et diverses activités qui rassemblent. Toutefois, le football, ce sport dit « roi » par sa popularité, inverse la tendance. A Rumonge, où nous avons mené notre enquête, le football aide les Batwa à se sentir moins méprisés par les autres burundais. Les Batwa qui pratiquent le football sont tous intégrés que ceux qui ne le pratiquent pas. Ils dialoguent facilement et partagent sans problèmes le verre et le chalumeau lors du rafraîchissement. Les Batwa qui fréquentent les terrains de football disent eux-mêmes qu'ils sont très satisfaits des rapports qu'ils entretiennent avec les membres des autres composantes sociales du peuple burundais. 72BI-BuBUaFootballvIntégration socialezBatwa (Peuple) 72BI-BuBUaMémoire1 4diraNahimana, Salvator1 4autaUniversité du BurundibInstitut d'Education Physique et des Sports